00622nam a22002297a 4500003000200000005001700002008000200019010001300021020002200034035002300056037001600079040001500095082001500110100001600125245007800141250001100219260003700230270004800267300002100315650001500336650004100351020180804115700.00 aB-119583 c00.00a8178292351 aB-119583, B-119584 bCen Lib/Ret aDPLbENc0 a158.7bDAL aDalip Singh aImotional intelligence at work : cby Dalip Singhba professional guide / a2nd ed aNew DelhibResponse Books c2005 bNew DelhiaB-42 Panchsheel Encalve e110017 a296p. c21cm(Hb) aPsychology aPsychology -- Imotional Inteligence